| 000 | 00412cam a2200157ua 4500 | ||
|---|---|---|---|
| 041 |
_aeng _h |
||
| 082 |
_a510.1 _bCRO/HI |
||
| 100 | _aCrosland, L . | ||
| 245 |
_aHigher school revision mathematics / _cL Crosland. _hTextual Documents |
||
| 250 |
_a1 / _b. |
||
| 260 |
_aMelbourne,London : _bMacMillan and Company Limited , _c1957. |
||
| 300 | _a164 ; . | ||
| 504 | _a | ||
| 942 | _cBK | ||
| 999 |
_c10874 _d10874 |
||